[Event "Moscow-ch 1/2 final"]
[Site "Moscow"]
[Date "2002.??.??"]
[Round "3"]
[White "Karaev, Mark"]
[Black "Hamgokov, Artur"]
[Result "1/2-1/2"]
[WhiteElo "2137"]
[BlackElo "2315"]
[PlyCount "82"]
[EventDate "2002.03.??"]
[EventType "swiss"]
[EventRounds "11"]
[EventCountry "RUS"]
[SourceTitle "EXT 2003"]
[Source "ChessBase"]
[SourceDate "2002.11.25"]
[SourceVersion "1"]
[SourceVersionDate "2002.11.25"]
[SourceQuality "1"]

1. e4 e6 2. d4 d5 3. Nd2 Nf6 4. e5 Nfd7 5. Bd3 c5 6. c3 Nc6 7. Ne2 cxd4 8. cxd4 f6 9. exf6 Nxf6 10. 0-0 Bd6 11. Nf3 0-0 12. Bg5 Qe8 13. Re1 Ng4 14. h3 e5 15. dxe5 Ngxe5 16. Ned4 Qf7 17. Be3 Nxd3 18. Qxd3 h6 19. Red1 Bd7 20. Nb5 Bb8 21. Qxd5 Be6 22. Qd2 Bxh3 23. gxh3 Qxf3 24. Qd5+ Qxd5 25. Rxd5 a6 26. Nd4 Nxd4 27. Bxd4 Bf4 28. Rd1 Rf7 29. Kg2 Rc8 30. Bc3 Bg5 31. Rd7 Rcf8 32. Rxf7 Rxf7 33. Be5 Kh7 34. Kg3 Be7 35. f4 g5 36. fxg5 Bxg5 37. Kg4 Be7 38. Bc3 Kg6 39. Rd5 Rh7 40. Rd7 Rf7 41. Rd5 Rh7 1/2-1/2

[Event "Moscow op2"]
[Site "Moscow"]
[Date "1995.??.??"]
[Round "4"]
[White "Hamgokov, Artur"]
[Black "Naumkin, Igor"]
[Result "0-1"]
[WhiteElo "2325"]
[BlackElo "2455"]
[PlyCount "78"]
[EventDate "1995.11.??"]
[EventType "swiss"]
[EventRounds "9"]
[EventCountry "RUS"]
[SourceTitle "CBM 050 Extra"]
[Source "ChessBase"]
[SourceDate "1996.03.01"]
[SourceVersion "1"]
[SourceVersionDate "1996.03.01"]
[SourceQuality "1"]

1. d4 e6 2. c4 f5 3. Nc3 Nf6 4. Bg5 Bb4 5. e3 Bxc3+ 6. bxc3 0-0 7. Bd3 d6 8. Ne2 e5 9. 0-0 c5 10. Qb1 h6 11. Bxf6 Qxf6 12. a4 Nc6 13. a5 Rb8 14. Rd1 Bd7 15. Bc2 Be8 16. dxc5 dxc5 17. Rd5 Ne7 18. Rxc5 Qd6 19. Rd5 Nxd5 20. cxd5 Bd7 21. Qd1 Rbc8 22. Rb1 Rc7 23. h3 Bc8 24. Bb3 Kh8 25. Qd2 f4 26. Bc2 f3 27. Ng3 fxg2 28. Qd3 g6 29. Kxg2 Rcf7 30. Ne4 Qe7 31. Rh1 Bf5 32. f4 exf4 33. exf4 Bxe4+ 34. Qxe4 Qxe4+ 35. Bxe4 Rxf4 36. Bb1 Rf2+ 37. Kg3 R8f3+ 38. Kg4 Rf4+ 39. Kg3 h5 0-1